| 000 | 00597nam a2200205 i 4500 | ||
|---|---|---|---|
| 001 | bg | ||
| 100 | 1 | _aHASHEMI, Louise. | |
| 245 | 1 | 0 |
_aCAE practice tests 2 : _b[student's book] / _cLouise Hashemi. |
| 260 |
_aCambridge : _bCambridge Univ. Press, _crepr. 1995. |
||
| 300 |
_aVIII, 101 s., 12 s.tabl. : _bfot., rys. (w tym kolor.) ; _c25 cm. |
||
| 650 | 9 | _aJęzyk angielski | |
| 655 | _aPodręczniki akademickie | ||
| 020 | _a0521448867 | ||
| 040 | _cBPK | ||
| 041 | 0 | _aen | |
| 080 | _a811.111(075.8) | ||
| 920 | _a0-521-44886-7 | ||
| 942 | _cKS | ||
| 008 | s pl f |000 0 pol | ||
| 999 |
_c34634 _d34634 |
||